000 01133nam a2200277 a 4500
001 000023881
005 20200930022535.0
008 110115s1975 ru a r 000 0 spa d
040 _aDO-SdBNP
_bspa
_cBNPHU
041 1 7 _aspa
_hrus
_2Código de idiomas MARC
082 _a355.021373
_bF219e
100 1 _aFaramazián, Rachek Artashesovich,
_949128
240 1 0 _aСША: милитаризм и экономика.
_lEspañol.
245 1 4 _aLos Estados Unidos :
_bmilitarismo y economía /
_cR. Faramazián ; traducción de José María Guell y Ricardo San Vicente.
260 _aMoscú :
_bProgreso,
_c1975.
300 _a316 p. :
_bil. ;
_c21 cm.
490 1 _aProgreso. Problemas actuales
504 _aIncluye referencias bibliográficas y notas al pie de las páginas.
534 _pTítulo original en ruso:
_tСША: милитаризм и экономика.
650 4 _aMilitarismo
_zEstados Unidos
_949129
650 4 _aAdministración militar
_949130
700 1 _aGuell, José María,
_etr.
_949131
700 1 _aSan Vicente, Ricardo,
_etr.
_949132
830 0 _aProgreso. Problemas actuales
_949133
049 _aBNGR
999 _c23377
_d23377